| 000 | 01044nam a22003257a 4500 | ||
|---|---|---|---|
| 003 | CHAP | ||
| 005 | 20220329140434.0 | ||
| 008 | 971013s1994 r 00010 d | ||
| 010 | _a51956 | ||
| 011 | _a52928 | ||
| 035 | _a57078 | ||
| 040 | _cCHAP | ||
| 082 |
_a631.6 _bM8 |
||
| 100 | 0 | 0 |
_aMunshower, Frank F. _979516 |
| 245 | _aPractical handbook of disturbed land revegetation | ||
| 260 |
_aBoca Raton, Florida : _bLewis, _c1994 |
||
| 300 |
_a265 p. _b: ilus. |
||
| 590 |
_aBATCH-UPD _b10 _c20130110 _lUCH01 _h0754 |
||
| 590 |
_aBATCH-UPD _b10 _c20130410 _lUCH01 _h0434 |
||
| 590 |
_aBATCH-UPD _b10 _c20130914 _lUCH01 _h1834 |
||
| 590 |
_aCONVERSION _b10 _c20130109 _lUCH01 _h1328 |
||
| 650 | 1 | 4 |
_aSuelos y cultivos. _9110571 |
| 650 | 1 | 4 |
_aSuelos y nutrición. _9110578 |
| 650 | 1 | 4 |
_aSuelos _xAnálisis. _9110204 |
| 650 | 1 | 4 |
_aSuelos _xElementos minerales. _9110356 |
| 650 | 1 | 4 |
_aTierras _xRecuperación de. _9113120 |
| 901 | _aBK | ||
| 942 | _cLIBRO | ||
| 949 |
_a631.6 M8 _bBC _cLIBRO _d33724000040358 _eLIBRO _gI. 180337 _h89765 _i57078 _si _t530.00 |
||
| 999 |
_c51956 _d51956 |
||